Minecraft Loot: Stronghold Corridor - Statistics

General Stats
  • This quiz has been taken 13 times
  • The average score is 11 of 22
Answer Stats
Pool Item Stack Size Weight % Correct
Pool 1(2-3) Ender Pearl 1 10%
100%
Pool 1(2-3) Gold Ingot 1-3 5.0%
91%
Pool 1(2-3) Iron Ingot 1-5 10%
82%
Pool 1(2-3) Diamond 1-3 3.0%
73%
Pool 1(2-3) Apple 1-3 15%
64%
Pool 1(2-3) Iron Chestplate 1 5.0%
64%
Pool 1(2-3) Iron Leggings 1 5.0%
64%
Pool 1(2-3) Bread 1-3 15%
55%
Pool 1(2-3) Golden Apple 1 1.0%
55%
Pool 1(2-3) Iron Boots 1 5.0%
55%
Pool 1(2-3) Iron Helmet 1 5.0%
55%
Pool 1(2-3) Iron Pickaxe 1 5.0%
55%
Pool 1(2-3) Iron Sword 1 5.0%
55%
Pool 1(2-3) Enchanted Book 1 1.0%
45%
Pool 1(2-3) Diamond Horse Armor 1 1.0%
36%
Pool 2(1) Eye Armor Trim 1 10%
36%
Pool 1(2-3) Iron Horse Armor 1 1.0%
36%
Pool 1(2-3) Golden Horse Armor 1 1.0%
27%
Pool 1(2-3) Music Disc (otherside) 1 1.0%
27%
Pool 1(2-3) Redstone Dust 4-9 5.0%
27%
Pool 1(2-3) Copper Horse Armor 1 1.0%
18%
Pool 1(2-3) Leather 1-5 1.0%
18%
No matching quizzes found
Score Distribution
Percent of People with Each Score
Percentile by Number Answered
Your Score History
You have not taken this quiz